Cada país que ha ganado unos Juegos Olímpicos - Estadísticas

Estadísticas generales
  • Esta prueba ha sido intentada 41 veces
  • La puntuación promedio es 9 de 11
Estadísticas de respuestas
N.º Año(s) País % Correcto
19 Verano: 1896, 1904, 1912, 1920, 1924, 1928, 1932, 1948, 1952, 1964, 1968, 1984, 1996, 2000, 2004, 2012, 2016, 2020, 2024 Invierno: 1932 Estados Unidos
100%
1 1994 Rusia
100%
1 2008 China
97%
1 1908 Reino Unido
94%
1 Verano: 1936 Invierno: 1992, 1998, 2006 Alemania
91%
1 2010 Canadá
91%
1 1900 Francia
91%
1 1948 Suecia
91%
11 1924, 1928, 1936, 1948, 1952, 1968, 2002, 2014, 2018, 2022, 2026 Noruega
89%
7 Verano: 1956, 1960, 1972, 1976, 1980, 1988, 1992 Invierno: 1956, 1960, 1964, 1972, 1976, 1980, 1988 Unión Soviética | Equipo Unificado
69%
1 1984 Alemania del Este
17%
No se encontraron pruebas coincidentes
Distribución de puntuación
Porcentaje de gente con cada puntuación
Porcentaje por número respondido
Historial de tus puntuaciones
No has intentado esta prueba.